000 00803nam a22002415i 4500
001 168828
003 ES-MaACL
005 20250716062633.0
008 080612s1964 fr |||| | fre d
080 _a944"18"
080 _a821.133.1-311.6"18"
100 1 _aHugo, Victor,
_d1802-1885
_964627
245 1 0 _aNapoléon le petit /
_cVictor Hugo ; présentation et notes de François Herbault.
260 _a[Paris] :
_bJean-Jacques Pauvert,
_c[1964]
300 _a297 p. ;
_c18 cm.
490 1 _aLibertés ;
_v4
600 0 4 _aNapoleón
_bIII
_cEmperador de Francia.
_984912
651 4 _aFrancia-
_xHistoria-
_y1851, Golpe de Estado.
_9137949
700 1 _aHerbault, François.
_9137950
830 0 _aLibertés ;
_v4
_9185155
852 _aES-MaACL
_jE-12184
_9R.190404
999 _c168828
_d168828